Potenciál cestovného ruchu v slovenských a českých regiónoch
Potenciál cestovného ruchu v administratívnych regiónoch. Ukazovatele vyjadrujúce potenciál cestovného ruchu a jeho využívanie v regióne: ekonomické, environmentálne a socio-kultúrne. Súčasný stav a využívanie potenciálu cestovného ruchu v slovenských a českých regiónoch. Hodnotenie potenciálu cesto...
Na minha lista:
| Autor principal: | |
|---|---|
| Formato: | Capítulo de Livro |
| Idioma: | eslovaco |
| Assuntos: | |
| Tags: |
Sem tags, seja o primeiro a adicionar uma tag!
|
MARC
| LEADER | 00000naa a2200000 4500 | ||
|---|---|---|---|
| 001 | 0242629 | ||
| 005 | 20180504135152.0 | ||
| 041 | 0 | |a slo | |
| 044 | |a SK | ||
| 245 | 1 | 0 | |a Potenciál cestovného ruchu v slovenských a českých regiónoch |c Matúš Marciš |
| 520 | |a Potenciál cestovného ruchu v administratívnych regiónoch. Ukazovatele vyjadrujúce potenciál cestovného ruchu a jeho využívanie v regióne: ekonomické, environmentálne a socio-kultúrne. Súčasný stav a využívanie potenciálu cestovného ruchu v slovenských a českých regiónoch. Hodnotenie potenciálu cestovného ruchu v regiónoch. | ||
| 610 | 2 | 0 | |a ruch cestovný |
| 610 | 2 | 0 | |a regióny administratívne |
| 610 | 2 | 0 | |a kraje |
| 610 | 2 | 0 | |a potenciál ekonomický |
| 610 | 2 | 0 | |a zariadenia ubytovacie |
| 610 | 2 | 0 | |a kúpele |
| 610 | 2 | 0 | |a pamiatky |
| 610 | 2 | 0 | |a analýza faktorová |
| 610 | 2 | 0 | |a Slovensko |
| 610 | 2 | 0 | |a Česko |
| 100 | 1 | |a Marciš, Matúš | |